Research on function of photosynthesis in respect of anaggregate of rubber plant bodies (Translated from Chinese) (Record no. 45868)

MARC details
000 -LEADER
fixed length control field 00443nam a2200145Ia 4500
100 ## - MAIN ENTRY--AUTHOR NAME
Personal name Hua Hu Yao
245 #0 - TITLE STATEMENT
Title Research on function of photosynthesis in respect of anaggregate of rubber plant bodies (Translated from Chinese)
260 ## - PUBLICATION, DISTRIBUTION, ETC. (IMPRINT)
Name of publisher Chinese Journal of Tropical Crops
Year of publication 1982
300 ## - PHYSICAL DESCRIPTION
Number of Pages 41-47
700 ## - ADDED ENTRY--PERSONAL NAME
Personal name Tung Shu Yi
700 ## - ADDED ENTRY--PERSONAL NAME
Personal name WangWu Yeh
700 ## - ADDED ENTRY--PERSONAL NAME
Personal name Zhao Wang
942 ## - ADDED ENTRY ELEMENTS (KOHA)
Koha item type Reprints
Holdings
Withdrawn status Lost status Damaged status Not for loan Home library Current library Date acquired Serial Enumeration / chronology Accession Number Koha item type
      Reprints RRII Library RRII Library 22/12/2021 Volume 3, Issue 1 P1153 Reprints